00889nam a2200193 a 4500008004100000020001500041050001500056100001800071245002300089260003800112300002200150350000900172650002400181650001600205995015400221995014900375995015400524999001700678120416s1986 ||||||||||||||||| || u a0074518275 aTG 270 Pon aPonnuswamy, S10aBridge engineering aNew DelhibTata McGraw-Hillc1986 axii ; 544p. ;ill. a0.00 aBRIDGE--ENGINEERING aENGINEERING aBINDERY (DAMAGED)D0.00e732000FCBU-MAIN LIBRARY (Kitwe)H1I45.00jTG 270 PonM1UDAMAGEDWAug 14, 2006y44383ZMain Library Open Access Collection aMAIN LIBRARY OPEN ACCESSD0.00e731998FCBU-MAIN LIBRARY (Kitwe)H2I45.00jTG 270 PonM2UAVAILABLEy44382ZMain Library Open Access Collection aBINDERY (DAMAGED)D0.00e731999FCBU-MAIN LIBRARY (Kitwe)H3I45.00jTG 270 PonM3UDAMAGEDWAug 15, 2006y44381ZMain Library Open Access Collection c84727d84727